Mines and mineral deposits (except fuels) Jefferson County, Montana, (Record no. 29486)

MARC details
000 -LEADER
fixed length control field 01002cam a22002531 4500
001 - CONTROL NUMBER
control field gs 60000288
003 - CONTROL NUMBER IDENTIFIER
control field DLC
005 - DATE AND TIME OF LATEST TRANSACTION
control field 20260227111409.0
008 - FIXED-LENGTH DATA ELEMENTS--GENERAL INFORMATION
fixed length control field 790227s1960 mtua 000 0 eng c
010 ## - LIBRARY OF CONGRESS CONTROL NUMBER
LC control number gs 60000288
035 ## - SYSTEM CONTROL NUMBER
System control number (OCoLC)4695373
040 ## - CATALOGING SOURCE
Original cataloging agency U.S. Geol. Survey.
Transcribing agency TxEU
Modifying agency DLC
042 ## - AUTHENTICATION CODE
Authentication code premarc
050 00 - LIBRARY OF CONGRESS CALL NUMBER
Classification number TN24.M9
Item number R62
100 1# - MAIN ENTRY--PERSONAL NAME
Personal name Roby, Robert N.
245 10 - TITLE STATEMENT
Title Mines and mineral deposits (except fuels) Jefferson County, Montana,
Statement of responsibility, etc. by R. N. Roby [and others]
260 ## - PUBLICATION, DISTRIBUTION, ETC.
Place of publication, distribution, etc. Butte,
Name of publisher, distributor, etc. Montana School of Mines,
Date of publication, distribution, etc. 1960.
300 ## - PHYSICAL DESCRIPTION
Extent vi, 122 p.
Other physical details maps (1 fold. in pocket) diagrs., tables,
Dimensions 28 cm.
490 1# - SERIES STATEMENT
Series statement Montana. Bureau of Mines and Geology. Bulletin 16
500 ## - GENERAL NOTE
General note Prepared by the Bureau of Mines, U.S. Dept. of the Interior and the Montana Bureau of Mines and Geology.
650 #0 - SUBJECT ADDED ENTRY--TOPICAL TERM
Topical term or geographic name entry element Mines and mineral resources
Geographic subdivision Montana
-- Jefferson County.
650 #0 - SUBJECT ADDED ENTRY--TOPICAL TERM
Topical term or geographic name entry element Ore deposits
Geographic subdivision Montana
-- Jefferson County.
810 2# - SERIES ADDED ENTRY--CORPORATE NAME
Corporate name or jurisdiction name as entry element Montana Bureau of Mines and Geology.
Title of a work Bulletin ;
Volume/sequential designation 16.

No items available.

Powered by Koha